Statistics for DC- Nightwing's Rogues Gallery

Click here to take the quiz!

General Stats

  • This quiz has been taken 34 times
  • The average score is 6 of 49

Answer Stats

Name% Correct
Slade Wilson/Deathstroke
70%
Roland Desmond/Blockbuster
67%
Jace Lorens/Raptor
37%
Jonathan 'John' Doe/Raptor
37%
Oswald Cobblepot/The Penguin
30%
Boone/Shrike
26%
Thaddeus Ryerstad/Nite-Wing
26%
William Cobb/The Talon
26%
Lady Elaine Marsh-Morton/Lady Vic
22%
Dudley Soames/Torque
19%
Simon Hurt/Dr. Hurt
19%
Kevin Creedy/Timebomb
15%
Aliki Marceau/Double Dare
11%
Giz
11%
Guillermo Barrera/Brutale
11%
James 'Jimmy' Nice
11%
Margot Marceau/Double Dare
11%
Paragon
11%
Spinebender
11%
Theodore 'Ted' Carson/Firefly
11%
Acheron The Demon
7%
Grimm
7%
Katherine Riordan/Hella
7%
Lucas Trent/Midnighter
7%
Mali/Marionette
7%
Oswald Loomis/Prankster
7%
Pamela Sweigeld/Mouse
7%
Raymond McCreary/Saiko
7%
Shox
7%
Thrilldevil
7%
Aaron Helzinger/Amygdala
4%
Bamboo Monkey
4%
Bartholomew 'Barry' Pierce
4%
Buddy Pierce
4%
Delmore Redhorn
4%
Edward 'Eddie' Hwang/Metal Eddie
4%
Kemper Von Cart/Prince Balsik
4%
Lewis Bayard/White Knight
4%
Liu
4%
Mary Tanner/Leather
4%
Randall 'Randy' Hanrahan/Stallion
4%
Raya Vestri
4%
Sylvan Scofield/Sylph
4%
Good Old Bernie
0%
Poppy Ashemore
0%
Thaddeus 'Tad' Trigger
0%
Thomas Larson/The Groom
0%
Thomas 'Tom' Trigger
0%
Violet Parris/The Bride
0%

Score Distribution

Percentile by Number Answered

Percent of People with Each Score

Your Score History

You have not taken this quiz